00855nam a22001697a 4500003000900000008004100009040007100050082001800121100001800139245002500157260004200182300003000224505033700254650002900591650002700620650003800647AR-CdUCM190304b ||||| |||| 00| 0 spa d aMUNICIPALIDAD PROVINCIAL DEL CUSCOcBIBLIOTECA MUNICIPAL DEL CUSCO a866.51 /bB39 aE. Beer, Kurt aAnecdotas Piuranas / aCusco :bEditorial Garcilaso, c1961. a107 páginas ; c17 cm. aContenido: Broma pesada, por Augusto Feijó Sánchez -- El primer discurso de Kurt Beer le costo un arresto de 24 horas, por Nestor S. Martos -- Los piuranos se revientan una botella de whisky todos los días, por Nestor S. Martos -- Una anécdota en alemán contada en español por Kurt Emilio Beer, por Nestor S. Martos... aAnécdotas de Kurt Beer aBiografia de Kurt Beer aUn Suizo con corazón de piurano